00262nam a2200121Ia 4500008004100000100000900041245002300050260002500073300000800098650001000106942000700116999001700123190216s9999||||xx |||||||||||||| ||und|| aNull 0aHindi-Dalij Nandoo bPragathi Prakashan a105 aHindi cBK c15666d15666